Scrambled Countries - Statistics

General Stats
  • This quiz has been taken 74 times
    50 since last reset
  • The average score is 11 of 15
Answer Stats
Answer % Correct
Afghanistan
100%
Algeria
100%
Australia
100%
Bahrain
100%
Belarus
100%
Benin
100%
Bhutan
100%
Brazil
100%
Burkina Faso
100%
Canada
100%
Chad
100%
Colombia
100%
Congo
100%
Croatia
100%
Cuba
100%
Cyprus
100%
Djibouti
100%
Ecuador
100%
Egypt
100%
Fiji
100%
Finland
100%
Gabon
100%
Georgia
100%
Germany
100%
Ghana
100%
Greece
100%
Grenada
100%
Guatemala
100%
Guinea
100%
Guyana
100%
Haiti
100%
Iran
100%
Iraq
100%
Israel
100%
Jamaica
100%
Japan
100%
Jordan
100%
Kiribati
100%
Kosovo
100%
Kuwait
100%
Laos
100%
Latvia
100%
Lebanon
100%
Lesotho
100%
Liberia
100%
Libya
100%
Lithuania
100%
Luxembourg
100%
Madagascar
100%
Maldives
100%
Mali
100%
Malta
100%
Mauritius
100%
Micronesia
100%
Mongolia
100%
Mozambique
100%
Myanmar
100%
Nepal
100%
Nicaragua
100%
Nigeria
100%
Oman
100%
Pakistan
100%
Palau
100%
Panama
100%
Qatar
100%
Rwanda
100%
Saint Kitts
100%
Samoa
100%
Saudi Arabia
100%
Serbia
100%
Slovakia
100%
Slovenia
100%
Spain
100%
Switzerland
100%
Tanzania
100%
Togo
100%
Tunisia
100%
Tuvalu
100%
Uganda
100%
Uruguay
100%
Uzbekistan
100%
Vietnam
100%
Yemen
100%
Zambia
100%
Venezuela
86%
Monaco
83%
Vanuatu
83%
Comoros
80%
Mexico
80%
Romania
80%
Albania
75%
North Korea
75%
Taiwan
75%
Thailand
75%
Azerbaijan
67%
Bangladesh
67%
Barbados
67%
Belgium
67%
Bolivia
67%
Burundi
67%
China
67%
France
67%
India
67%
Italy
67%
Kyrgyzstan
67%
Mauritania
67%
Moldova
67%
Namibia
67%
Niger
67%
Paraguay
67%
Trinidad
67%
Tajikistan
60%
Andorra
50%
Angola
50%
Armenia
50%
Bahamas
50%
Brunei
50%
Bulgaria
50%
Dominica
50%
Eritrea
50%
Gambia
50%
Guinea Bissau
50%
Kenya
50%
Montenegro
50%
Nauru
50%
Netherlands
50%
New Zealand
50%
Portugal
50%
Russia
50%
Sweden
50%
Vatican City
50%
Bosnia
33%
Czechia
33%
Hungary
33%
Poland
33%
Sierra Leone
33%
South Sudan
33%
San Marino
25%
Sao Tome
25%
Ethiopia
20%
Antigua
0%
Argentina
0%
Austria
0%
Belize
0%
Botswana
0%
Caboverde
0%
Cambodia
0%
Cameroon
0%
Chile
0%
Costa Rica
0%
Denmark
0%
El Salvador
0%
Estonia
0%
Eswatini
0%
Honduras
0%
Iceland
0%
Indonesia
0%
Ireland
0%
Ivory Coast
0%
Kazakhstan
0%
Liechtenstein
0%
Malawi
0%
Malaysia
0%
Marshall Islands
0%
Morocco
0%
North Macedonia
0%
Norway
0%
Peru
0%
Philippines
0%
Saint Lucia
0%
Saint Vincent
0%
Senegal
0%
Seychelles
0%
Singapore
0%
Somalia
0%
South Africa
0%
South Korea
0%
Sri Lanka
0%
Sudan
0%
Suriname
0%
Syria
0%
Timor Leste
0%
Tonga
0%
Turkey
0%
Turkmenistan
0%
Ukraine
0%
United Kingdom
0%
United States
0%
Zimbabwe
0%
No matching quizzes found
Score Distribution
Percent of People with Each Score
Percentile by Number Answered
Your Score History
You have not taken this quiz since the last reset